000 00467nam a22001817a 4500
003 MPLRDC
005 20220104124112.0
008 210129b ||||| |||| 00| 0 eng d
082 _a811.1 DZ c.2
100 _a中学生丛书编委会
245 _a轻轻松松学作文
_c
250 _a一版一刷
260 _a
_b马来西亚华校董事联合
_c1990
300 _b
490 _a中学生丛书之七
650 _a写作法
942 _cBK
_o811.1 DZ c.2
999 _c16659
_d16649